000 00346nam a2200145Ia 4500
005 20251222153539.0
008 251222s9999||||xx |||||||||||||| ||spa||
020 _a9786123022389
082 _a657.042/Z32
100 _aZans Arimana, Walter
245 0 _aContabilidad Básica I:
250 _a1 era. ed.
264 _bSan Marcos
942 _cLIB
999 _c30391
_d30391